[Event "Berlin Neukoelln op 7th"]
[Site "Berlin"]
[Date "2001.05.18"]
[Round "2"]
[White "Miessner, Melanie"]
[Black "Semme, Lothar"]
[Result "0-1"]
[WhiteElo "1152"]
[BlackElo "1555"]
[PlyCount "52"]
[EventDate "2001.05.11"]
[EventType "swiss"]
[EventRounds "7"]
[EventCountry "GER"]
[SourceTitle "EXT 2022"]
[Source "ChessBase"]
[SourceDate "2021.10.06"]
[SourceVersion "1"]
[SourceVersionDate "2021.10.06"]
[SourceQuality "1"]

1. d4 d6 2. e4 g6 3. Nf3 Bg4 4. h3 Bxf3 5. Qxf3 Bg7 6. Be3 Nd7 7. Nd2 e6 8. 0-0-0 a6 9. Kb1 Ne7 10. Nc4 b5 11. Na5 c6 12. Bd2 0-0 13. Bc3 d5 14. e5 Qb6 15. g4 b4 16. Nxc6 Nxc6 17. Be1 Nxd4 18. Qg3 Nxe5 19. c3 Ndf3 20. cxb4 Nxe1 21. Rxe1 Qxb4 22. f4 Rab8 23. Rh2 Nc4 24. Ree2 Nxb2 25. Rxb2 Bxb2 26. Rxb2 Qxb2# 0-1